000 01196nam a22002777a 4500
001 TZ 0014
003 gtcocun
005 20250926184042.0
006 a||||gr|||| 00| 0
007 ta
008 250926b1997 gt ||||| m||| 00| 0 eng d
040 _agtcocun
_bSPA
_cgtcocun
_eRDA
041 _aSPA TZ 0014
084 _0TZ 0014
100 _aRoman, Marco Antonio
_eAutor
245 _aCARACTERIZACIÓN DE LOS METODOS DE CONTROL DE GARRAPAS, EN LAS EXPLOTACIONES LECHERAS DEL AREA DE INFLUENCIA DE VERALAC, R.L.
_cMarco Antonio Roman.
_hImpreso
264 _aCobán, Alta Verapaz:
_bUniversidad de San Carlos de Guatemala, Centro Universitario del Norte, Zootecnia
_c1997
300 _a26 p.:
_bIlustraciones, gráficas.
_c28 cm;
502 _eTZ 0014
502 _aTesis de grado
_bZootecnia,
_cUniversidad de San Carlos de Guatemala, Centro Universitario del Norte, Zootecnia
_d1997
_oTZ 0014
650 1 4 _2LEMB
_aCobán, Alta Verapaz.
_xZootecnia
_xAgropecuaria
_xCooperativa
_xRecolección
_xGarrapatas
_xEctoparásito
700 _eAsesor
856 _uSin archivo en línea.
_zSin archivo en línea.
942 _2ddc
_cTES
_iTZ 0014
_kClasificación
_n0
_6TZ_0014_000000000000000
999 _c2160
_d2160